| 000 | 00592nam a2200193 a 4500 | ||
|---|---|---|---|
| 005 | 20140412111240.0 | ||
| 008 | 010424s19uu xx 00 eng d | ||
| 020 | _a0-394-88253-9 | ||
| 050 |
_aTR(PS E _bHo83 1986 |
||
| 100 | _aMonrad, Jean | ||
| 245 |
_aHow many kisses: good night / _cby Jean Monrad; illustrated by Eloise Wilkin. |
||
| 260 |
_aNew York : _bRandom House, _c1986. |
||
| 300 | _a1v. (unp.) ; ill. | ||
| 440 | _aA Just Right Book | ||
| 520 | _aQuestions in rhyme to ask a child at bedtime. | ||
| 650 | _aBedtime-Fiction | ||
| 650 | _aStories in rhyme | ||
| 999 |
_c102694 _d102694 |
||